书目信息 |
| 题名: |
世界平面设计史
|
|
| 作者: | 王受之 著 | |
| 分册: | ||
| 出版信息: | 北京 中国青年出版社 2002 |
|
| 页数: | 323页 | |
| 开本: | 29cm | |
| 丛书名: | 王受之设计史论丛 | |
| 单 册: | ||
| 中图分类: | J509.1 | |
| 科图分类: | ||
| 主题词: | 平面设计--工艺美术史--世界 | |
| 电子资源: | ||
| ISBN: | 7-5006-4830-8 | |
| 000 | 01234nam0 2200361 450 | |
| 000 | 01197nam0 2200349 450 | |
| 000 | 01179nam0 2200349 450 | |
| 000 | 01125nam0 2200325 450 | |
| 000 | 01123nam0 2200337 450 | |
| 000 | 01069nam0 2200313 450 | |
| 000 | 01087nam0 2200301 450 | |
| 000 | 01050nam0 2200289 45 | |
| 001 | TS2006003209 | |
| 005 | 20061210163806.82 | |
| 010 | @a7-5006-4830-8@dCNY85.00 | |
| 100 | @a20060829d2002 em y0chiy0110 ea | |
| 101 | 0 | @achi |
| 102 | @aCN@b110000 | |
| 105 | @aa z 000yy | |
| 200 | 1 | @a世界平面设计史@Ashi jie ping mian she ji shi@f王受之著 |
| 210 | @a北京@c中国青年出版社@d2002 | |
| 215 | @a323页@c图@d29cm | |
| 225 | 2 | @a王受之设计史论丛 |
| 330 | @a本书介绍了工业时代的版面设计、维多利亚时期的大众化平面设计、现代艺术对平面设计发展的影响、国际主义平面设计风格的形成等内容。 | |
| 410 | 0 | @1001002167627@12001 @a王受之设计史论丛 |
| 510 | 1 | @aA History of Graphic Design@zeng |
| 606 | 0 | @a平面设计@x工艺美术史@y世界 |
| 690 | @aJ509.1@v4 | |
| 701 | 0 | @a王受之@Awang shou zhi@4著 |
| 801 | 0 | @aCN@b中图数据@c20061210 |
| 905 | @a10447@dJ509.1@e187 | |
| 世界平面设计史/王受之著.-北京:中国青年出版社,2002 |
| 323页:图;29cm.-(王受之设计史论丛) |
| ISBN 7-5006-4830-8:CNY85.00 |
| 本书介绍了工业时代的版面设计、维多利亚时期的大众化平面设计、现代艺术对平面设计发展的影响、国际主义平面设计风格的形成等内容。 |
| ● |
| 相关链接 |
|
|
|
|
正题名:世界平面设计史
索取号:J509.1/187
 
预约/预借
| 序号 | 登录号 | 条形码 | 馆藏地/架位号 | 状态 | 备注 |
| 1 | 0618146 | 206181460 | 第一借阅区/ [索取号:J509.1/187] | 在馆 | |
| 2 | 0618150 | 206181503 | 第一样本阅览室/ [索取号:J509.1/187] | 在馆 | |
| 3 | 0618151 | 206181512 | 第一借阅区/ [索取号:J509.1/187] | 在馆 | |
| 4 | 0618152 | 206181521 | 第一借阅区/ [索取号:J509.1/187] | 在馆 | |
| 5 | 0618153 | 206181530 | 第一借阅区/ [索取号:J509.1/187] | 在馆 |